Arduino cookbook: recipes to begin, expand, and enhance your projects
Saved in:
| Main Author: | |
|---|---|
| Format: | Book |
| Language: | English |
| Published: |
Sebastopol
O`Reilly Media, Inc.
2011
|
| Edition: | 2a. ed |
| Subjects: | |
| Tags: |
Add Tag
No Tags, Be the first to tag this record!
|
MARC
| LEADER | 00000cam a2200000 a 4500 | ||
|---|---|---|---|
| 001 | UCC2810 | ||
| 003 | CL-VaPUC | ||
| 008 | 180323e20110000us |||||||||||||||||eng|d | ||
| 020 | |a 9781449313876 | ||
| 082 | 0 | 4 | |a 005.1 |b MAR |2 21 |
| 100 | |a Margolis, Michael |e autor |9 596819 | ||
| 245 | 1 | 0 | |a Arduino cookbook: recipes to begin, expand, and enhance your projects |
| 250 | |a 2a. ed | ||
| 300 | |a 699 p | ||
| 942 | |c BK | ||
| 945 | |d 20180323 15:33:00 |a dcastane | ||
| 260 | |a Sebastopol |b O`Reilly Media, Inc. |c 2011 | ||
| 650 | 0 | |a Sistemas de control |9 263596 | |
| 650 | 0 | |a Control automático |9 259890 | |
| 650 | 0 | |a Ingeniería de software |9 263866 | |
| 650 | 0 | |a Programas de computación |9 334383 | |
| 650 | 0 | |a Arduino |9 583997 | |
| 583 | |a last modification |c 20180323 15:33:00 |k Rodrigo Vera | ||
| 999 | |c 370751 |d 370749 | ||
| 952 | |0 0 |1 0 |3 erb |4 0 |6 005_100000000000000_MAR_2011 |7 0 |8 A |9 487369 |a BIBING |b BIBING |i 5459370 |o 005.1 MAR 2011 |p 5459370 |r 2024-01-25 |w 2019-11-24 |y BK |z Catalogado en:20180323 |k EIE | ||
| 952 | |0 0 |1 0 |3 erb |4 0 |6 005_100000000000000_MAR_2011 |7 0 |8 A |9 487370 |a BIBING |b BIBING |i 5459346 |o 005.1 MAR 2011 |p 5459346 |r 2024-01-25 |w 2019-11-24 |y BK |z Catalogado en:20180323 |k EIE | ||
| 952 | |0 0 |1 0 |3 erb |4 0 |6 005_100000000000000_MAR_2011 |7 0 |8 A |9 487371 |a BIBING |b BIBING |i 5459389 |o 005.1 MAR 2011 |p 5459389 |r 2024-01-25 |w 2019-11-24 |y BK |z Catalogado en:20180323 |k EIE | ||
| 952 | |0 0 |1 0 |3 erb |4 0 |6 005_100000000000000_MAR_2011 |7 0 |8 A |9 487372 |a BIBING |b BIBING |i 5459362 |o 005.1 MAR 2011 |p 5459362 |r 2024-01-25 |w 2019-11-24 |y BK |z Catalogado en:20180323 |k EIE | ||
| 952 | |0 0 |1 0 |3 erb |4 0 |6 005_100000000000000_MAR_2011 |7 0 |8 A |9 487373 |a BIBING |b BIBING |i 5459354 |o 005.1 MAR 2011 |p 5459354 |r 2024-01-25 |w 2019-11-24 |y BK |z Catalogado en:20180323 |k EIE | ||
| 952 | |0 0 |1 0 |3 erb |4 0 |6 005_100000000000000_MAR_2011 |7 0 |8 A |9 487374 |a BIBING |b BIBING |i 5508657 |o 005.1 MAR 2011 |p 5508657 |r 2024-01-25 |w 2019-11-24 |y BK |z Catalogado en:20181021 |k EIE | ||
| 952 | |0 0 |1 0 |3 erb |4 0 |6 005_100000000000000_MAR_2011 |7 0 |8 A |9 487375 |a BIBING |b BIBING |i 5508665 |o 005.1 MAR 2011 |p 5508665 |r 2024-01-25 |w 2019-11-24 |y BK |z Catalogado en:20181021 |k EIE | ||
| 952 | |0 0 |1 0 |3 erb |4 0 |6 005_100000000000000_MAR_2011 |7 0 |8 A |9 487376 |a BIBING |b BIBING |i 5508673 |o 005.1 MAR 2011 |p 5508673 |r 2024-01-25 |w 2019-11-24 |y BK |z Catalogado en:20181021 |k EIE | ||
| 952 | |0 0 |1 0 |3 erb |4 0 |6 005_100000000000000_MAR_2011 |7 0 |8 A |9 487377 |a BIBING |b BIBING |i 5508681 |o 005.1 MAR 2011 |p 5508681 |r 2024-01-25 |w 2019-11-24 |y BK |z Catalogado en:20181021 |k EIE | ||